Statistics for La Seine And I - Vanessa Paradis & Sean Ono Lennon - All Lyrics

Click here to take the quiz!

General Stats

  • This quiz has been taken 7 times
  • The average score is 158 of 201

Answer Stats

Answer% Correct
I
100%
la
100%
La
100%
Seine,
100%
Seine
100%
a
86%
an
86%
and
86%
don't
86%
know,
86%
air
71%
are,
71%
ask
71%
how
71%
me
71%
so
71%
That’s
71%
That's
71%
we
71%
why
71%
alive
57%
angel
57%
be
57%
beat
57%
believe?
57%
beside
57%
Between
57%
bridge
57%
Can
57%
confident
57%
divine,
57%
feel
57%
forgive
57%
hear
57%
hypnotized
57%
I'm
57%
is
57%
Is
57%
it
57%
like
57%
moon
57%
realize,
57%
resplendent,
57%
she
57%
She's
57%
singing
57%
The
57%
the
57%
tune
57%
upon
57%
Upon
57%
waves
57%
when
57%
wine
57%
you
57%
angle
43%
breathe
43%
does
43%
heart
43%
Learn
43%
my
43%
saved
43%
this
43%
to
43%
will
43%
From
29%

Score Distribution

Percentile by Number Answered

Percent of People with Each Score

Your Score History

You have not taken this quiz